[Event "Master Open"]
[Site "Voronezh"]
[Date "2017.06.15"]
[Round "4.31"]
[White "Rozum, Ivan"]
[Black "Yashmetov, Mikhail"]
[Result "1-0"]
[WhiteElo "2599"]
[BlackElo "2308"]
[Annotator ""]
[Source ""]
[Remark ""]

1.Nf3 Nf6 2.c4 g6 3.Nc3 d5 4.cxd5 Nxd5 5.Qc2 Nb6 6.d4 Bg7 7.e4
O-O 8.Be3 Bg4 9.Ne5 Be6 10.Rd1 c6 11.Be2 N8d7 12.f4 Nxe5 13.dxe5
Qc8 14.O-O Bg4 15.Bc5 Re8 16.Rd2 Bxe2 17.Nxe2 g5 18.Qb3 Rd8 19.Rxd8+
Qxd8 20.e6 f5 21.exf5 Qd2 22.Qf3 Nd5 23.fxg5 Qxg5 24.Nc3 Nxc3
25.bxc3 Rd8 26.Bxa7 Qd2 27.Bc5 Rd3 28.Qh5 1-0

[Event "Master Open"]
[Site "Voronezh"]
[Date "2017.06.15"]
[Round "4.32"]
[White "Tomilova, Elena"]
[Black "Moiseenko, Vadim"]
[Result "0-1"]
[WhiteElo "2303"]
[BlackElo "2528"]
[Annotator ""]
[Source ""]
[Remark ""]

1.d4 d5 2.Nf3 Nf6 3.Bf4 c5 4.e3 Nc6 5.c3 Qb6 6.Qb3 c4 7.Qc2 Bf5
8.Qc1 h6 9.h3 g5 10.Bh2 Bg7 11.Nbd2 Rc8 12.Be2 O-O 13.O-O Ne4
14.Nxe4 Bxe4 15.Nd2 Bh7 16.Bf3 Rcd8 17.e4 dxe4 18.Bxe4 Bxe4 19.Nxe4
e5 20.dxe5 Bxe5 21.Qc2 f5 22.Bxe5 Nxe5 23.Ng3 Nd3 24.b3 f4 25.Ne4
f3 26.bxc4 Qc6 27.Rfe1 Nxe1 28.Rxe1 fxg2 29.Qe2 b6 30.Kxg2 Rc8
31.Qh5 Rf4 32.Qe2 Qxc4 33.Qe3 Qxa2 34.Re2 Qd5 35.f3 Rcf8 36.Rd2
Qe5 37.Rf2 Kh8 38.Qd3 a5 39.Qe3 Qe6 40.Qd4+ Kg8 41.Rf1 b5 42.Qd3
Rxe4 43.fxe4 Rxf1 44.Qxf1 Qxe4+ 45.Kg1 Qe3+ 46.Kh1 Qxc3 47.Qxb5
Qxh3+ 48.Kg1 Qg4+ 49.Kh2 Qf4+ 50.Kg2 Qe4+ 51.Kh2 a4 52.Qc5 Kg7
53.Kg3 Kg6 54.Qd6+ Kh5 55.Qc5 Qd3+ 56.Kh2 a3 57.Qf2 Qd6+ 58.Kg1
Qf4 59.Qa7 Kh4 60.Kh1 Qc1+ 61.Kg2 Qd2+ 62.Kh1 Qe1+ 63.Kg2 Qg3+
64.Kh1 Qf3+ 65.Kh2 h5 66.Qa5 Qe2+ 67.Kg1 a2 68.Qa3 g4 69.Qc3
Qd1+ 70.Kh2 a1Q 71.Qh3+ Kg5 0-1

[Event "Master Open"]
[Site "Voronezh"]
[Date "2017.06.15"]
[Round "4.33"]
[White "Yudin, Sergei"]
[Black "Anchutin, Nikita"]
[Result "1-0"]
[WhiteElo "2522"]
[BlackElo "2282"]
[Annotator ""]
[Source ""]
[Remark ""]

1.b3 d5 2.Bb2 Nf6 3.e3 c5 4.f4 a6 5.Nf3 Nc6 6.Ne5 Qc7 7.d3 g6
8.c4 Bg7 9.Nxc6 Qxc6 10.Nd2 O-O 11.Qe2 Rd8 12.Nf3 b5 13.Ne5 Qd6
14.cxd5 Nxd5 15.Qd2 Bb7 16.Be2 Nb4 17.O-O f6 18.a3 Nxd3 19.Nxd3
c4 20.bxc4 bxc4 21.Rfd1 cxd3 22.Bxd3 Kh8 23.Qe2 Rab8 24.Bxg6
Qc6 25.Bf5 Rxd1+ 26.Rxd1 Qxg2+ 27.Qxg2 Bxg2 28.Bc3 Bc6 29.Bb4
e5 30.Rc1 Be8 31.Bd6 Rd8 32.Be7 Rb8 33.Bd6 Rd8 34.Bc7 Ra8 35.Be4
Ra7 36.Bb6 Rf7 37.Bd5 Re7 38.Rc8 exf4 39.Bc5 Re5 40.exf4 Rxd5
41.Rxe8+ Bf8 42.Bxf8 Kg8 43.Ra8 Kf7 44.Bb4 Rd4 45.f5 Rd5 46.Ra7+ 1-0

[Event "Master Open"]
[Site "Voronezh"]
[Date "2017.06.15"]
[Round "4.34"]
[White "Obolentseva, Alexandra"]
[Black "Harutjunyan, Gevorg"]
[Result "1/2-1/2"]
[WhiteElo "2283"]
[BlackElo "2472"]
[Annotator ""]
[Source ""]
[Remark ""]

1.d4 d5 2.c4 Nc6 3.Nf3 Bg4 4.Nc3 e6 5.cxd5 exd5 6.e3 Bb4 7.Be2
Nf6 8.O-O Bxc3 9.bxc3 O-O 10.Ba3 Re8 11.c4 Ne4 12.Rc1 Na5 13.cxd5
Qxd5 14.Ne5 Bxe2 15.Qxe2 f6 16.Nd3 Nc6 17.Qb2 Rab8 18.Nf4 Qf7
19.d5 Ne5 20.Qc2 Nd6 21.Bxd6 cxd6 22.Ne6 b5 23.a4 b4 24.Qb3 Qg6
25.Rfd1 Rec8 26.Rxc8+ Rxc8 27.Qxb4 Nf3+ 28.Kh1 Qh5 29.h3 Qxd5
30.Nd4 Ng5 31.Qb5 Qxb5 32.axb5 Ne4 33.Kg1 Rc5 34.Ra1 Nc3 35.Rxa7
Nxb5 36.Nxb5 Rxb5 37.Ra8+ Kf7 38.Ra7+ Kg6 39.Ra6 Rb1+ 40.Kh2
Rd1 41.Kg3 1/2-1/2

[Event "Master Open"]
[Site "Voronezh"]
[Date "2017.06.15"]
[Round "4.35"]
[White "Yeritsyan, Aram"]
[Black "Korchmar, Vasiliy"]
[Result "0-1"]
[WhiteElo "2295"]
[BlackElo "2422"]
[Annotator ""]
[Source ""]
[Remark ""]

1.e4 c5 2.Nf3 d6 3.d4 cxd4 4.Nxd4 Nf6 5.f3 e5 6.Nb3 Be6 7.c4
Nbd7 8.Be3 b5 9.c5 a6 10.cxd6 Qb8 11.Be2 Bxd6 12.O-O O-O 13.N1d2
a5 14.a4 bxa4 15.Rxa4 Bb4 16.Nc4 Bxc4 17.Bxc4 Nb6 18.Bxb6 Qxb6+
19.Kh1 Qc6 20.Rxb4 axb4 21.Qe2 Rac8 22.Rc1 Qb6 23.Nd2 Rfd8 24.b3
Nh5 25.g3 Qh6 0-1

[Event "Master Open"]
[Site "Voronezh"]
[Date "2017.06.15"]
[Round "4.36"]
[White "Gasanov, Zaur"]
[Black "Shagbazyan, Taron"]
[Result "1/2-1/2"]
[WhiteElo "2264"]
[BlackElo "2406"]
[Annotator ""]
[Source ""]
[Remark ""]

1.Nf3 d5 2.g3 c6 3.Bg2 Nf6 4.O-O Bf5 5.d3 e6 6.Nbd2 h6 7.b3 Be7
8.Bb2 O-O 9.e3 a5 10.a3 c5 11.Qe2 a4 12.e4 Bh7 13.Ne5 axb3 14.cxb3
Nc6 15.f4 Nd4 16.Bxd4 cxd4 17.b4 dxe4 18.dxe4 Qb6 19.Kh1 Rfd8
20.g4 d3 21.Qf3 Qd4 22.Rac1 Rac8 23.h4 Rc2 24.Rcd1 Qc3 25.Nb1
Qb2 26.Nd2 Qc3 27.Nb1 Qb2 28.Nd2 Qc3 29.Nb1 Qb2 1/2-1/2

[Event "Master Open"]
[Site "Voronezh"]
[Date "2017.06.15"]
[Round "4.37"]
[White "Murtazin, Bulat"]
[Black "Sobina, Pavel"]
[Result "0-1"]
[WhiteElo "2403"]
[BlackElo "2250"]
[Annotator ""]
[Source ""]
[Remark ""]

1.d4 Nf6 2.c4 g6 3.f3 Bg7 4.e4 d6 5.Ne2 O-O 6.Be3 e5 7.Qd2 Nc6
8.d5 Ne7 9.Nbc3 Nd7 10.Nc1 f5 11.Nd3 Nf6 12.Be2 f4 13.Bf2 g5
14.c5 h5 15.cxd6 cxd6 16.Rc1 Bd7 17.Nb1 a5 18.Qc3 Nfxd5 19.Qb3
a4 20.Qa3 Ne3 21.Bxe3 fxe3 22.Qxd6 Ra6 23.Qc5 Rc6 24.Qxe3 Rxc1+
25.Nxc1 Nc6 26.O-O Nd4 27.Bc4+ Kh7 28.Ne2 b5 29.Bd5 Qf6 30.Nxd4
exd4 31.Qd3 Kh8 32.Na3 h4 33.Nc2 Qf4 34.Nxd4 Be5 35.g3 hxg3 36.Ne2
gxh2+ 37.Kh1 Qh4 38.f4 Bh3 39.Rd1 gxf4 40.Nd4 Qg3 41.Qf3 Bg4 0-1

[Event "Master Open"]
[Site "Voronezh"]
[Date "2017.06.15"]
[Round "4.38"]
[White "Peskov, Alexsey"]
[Black "Dmitriev, Igor"]
[Result "1-0"]
[WhiteElo "2394"]
[BlackElo "2242"]
[Annotator ""]
[Source ""]
[Remark ""]

1.d4 d6 2.e4 e6 3.Bd3 a6 4.Nf3 Nd7 5.O-O Ne7 6.Qe2 h6 7.Nbd2
b6 8.Nc4 Bb7 9.e5 Bxf3 10.Qxf3 d5 11.Ne3 c5 12.c3 Nc6 13.Nc2
b5 14.Qh3 c4 15.Be2 g6 16.f4 f5 17.exf6 Qxf6 18.Bg4 Nd8 19.Ne3
Nb6 20.Bd1 h5 21.Bc2 Ra7 22.Bd2 Bh6 23.Rae1 Re7 24.g3 Qg7 25.Ng2
Nd7 26.Nh4 Nf8 27.Re2 Qf6 28.Rfe1 Kf7 29.f5 Bxd2 30.fxg6+ Kg7
31.Rxd2 Nc6 32.Rf2 Qg5 33.Qf1 Nd8 34.Rf5 Qh6 35.Rxd5 Rd7 36.Rde5
Kg8 37.Qf3 Qd2 38.Rf1 1-0

[Event "Master Open"]
[Site "Voronezh"]
[Date "2017.06.15"]
[Round "4.39"]
[White "Palachev, Petr"]
[Black "Maltsevskaya, Aleksandra"]
[Result "0-1"]
[WhiteElo "2380"]
[BlackElo "2203"]
[Annotator ""]
[Source ""]
[Remark ""]

1.e4 c5 2.Nf3 e6 3.d3 Nc6 4.g3 d5 5.Qe2 Nge7 6.Bg2 g6 7.O-O Bg7
8.e5 Qc7 9.Re1 b6 10.c4 dxc4 11.dxc4 Nf5 12.Nc3 Ncd4 13.Nxd4
Nxd4 14.Qe4 Rb8 15.Nb5 Nxb5 16.cxb5 Bb7 17.Qe2 Bxg2 18.Kxg2 Rd8
19.Bg5 Rd5 20.f4 h6 21.Bh4 g5 22.fxg5 hxg5 23.Bxg5 Rxe5 24.Qd2
Qb7+ 25.Kg1 Rxg5 26.Qxg5 Bd4+ 27.Re3 Qf3 28.Rae1 Rh5 29.Qf4 Qxf4
30.gxf4 Rh3 31.Kf2 f5 32.b3 Kf7 33.a4 e5 34.fxe5 f4 35.e6+ Ke7
36.Kg2 Rxe3 0-1

[Event "Master Open"]
[Site "Voronezh"]
[Date "2017.06.15"]
[Round "4.40"]
[White "Provotorov, Ivan"]
[Black "Mendonca, Leon Luke"]
[Result "1-0"]
[WhiteElo "2368"]
[BlackElo "2174"]
[Annotator ""]
[Source ""]
[Remark ""]

1.c4 Nf6 2.Nc3 e6 3.e4 c5 4.e5 Ng8 5.Nf3 Nc6 6.d4 cxd4 7.Nxd4
d6 8.Nxc6 bxc6 9.Bf4 d5 10.cxd5 exd5 11.Qa4 Bd7 12.Ba6 Qb6 13.O-O
Bc5 14.Rab1 Ne7 15.b4 Bd4 16.Ne2 Ng6 17.Nxd4 Nxf4 18.Rfd1 O-O
19.Rbc1 c5 20.Qxd7 cxd4 21.Qa4 Qg6 22.g3 d3 23.Rc6 Qg4 24.Bxd3
Nh3+ 25.Kf1 Qf3 26.Qc2 h6 27.Rc3 Qh1+ 28.Ke2 Qxh2 29.Rf1 Rae8
30.Kd1 Rxe5 31.f4 Qxc2+ 32.Bxc2 d4 33.Rcf3 Re3 34.Bf5 Nxf4 35.Rxe3
dxe3 36.Rxf4 Rd8+ 37.Ke2 Rd2+ 38.Kxe3 Rxa2 39.Bd3 g5 40.Rxf7
Kxf7 41.Bc4+ Kf6 42.Bxa2 Kf5 43.Bf7 g4 44.Kd4 Kf6 45.Be8 Kg5
46.Ke5 h5 47.Bxh5 Kxh5 48.Kf5 Kh6 49.b5 Kh5 50.Kf4 Kh6 51.Kxg4
Kg6 52.Kf4 Kf6 53.g4 Kg6 54.g5 Kg7 55.Kf5 Kf7 56.g6+ Kg7 57.Kg5
Kg8 58.Kf6 Kf8 59.g7+ Kg8 60.Kg6 a6 61.b6 1-0

[Event "Master Open"]
[Site "Voronezh"]
[Date "2017.06.15"]
[Round "4.41"]
[White "Strelnikov, Sergey"]
[Black "Pranav, V"]
[Result "1-0"]
[WhiteElo "2357"]
[BlackElo "2147"]
[Annotator ""]
[Source ""]
[Remark ""]

1.Nf3 Nf6 2.c4 b6 3.g3 Bb7 4.Bg2 e6 5.O-O c5 6.Nc3 Be7 7.Re1
d5 8.cxd5 exd5 9.d4 O-O 10.Bf4 Nc6 11.dxc5 bxc5 12.Ne5 Nd4 13.Nc4
Bc6 14.Ne3 Rc8 15.Bg5 Rb8 16.Rb1 Ne6 17.Bxf6 Bxf6 18.Ncxd5 Bxb2
19.Nc4 Bxd5 20.Qxd5 Qf6 21.Qf3 Qd4 22.Qe4 Qf6 23.e3 Qc3 24.Bf1
Rb4 25.Red1 Ng5 26.Qg4 h6 27.h4 Ne6 28.Rd7 f5 29.Qg6 Rf6 30.Qe8+
Nf8 31.Rxb2 Rxb2 32.Nxb2 Qxb2 33.Rxa7 Qc2 34.Qe7 Ne6 35.Ra6 Qe4
36.Rd6 Kh8 37.Bd3 Qe5 38.Bc4 f4 39.Rd8+ Kh7 40.Bd3+ Rg6 41.Qf7
Qa1+ 42.Kg2 f3+ 43.Kh2 Nf8 44.Bxg6+ Nxg6 45.Qg8# 1-0

[Event "Master Open"]
[Site "Voronezh"]
[Date "2017.06.15"]
[Round "4.42"]
[White "Kryukov, Denis V"]
[Black "Gukesh, D"]
[Result "1/2-1/2"]
[WhiteElo "2241"]
[BlackElo "2332"]
[Annotator ""]
[Source ""]
[Remark ""]

1.e4 c5 2.Nc3 Nc6 3.g3 g6 4.Bg2 Bg7 5.f4 e6 6.d3 Nge7 7.Nf3 d5
8.e5 Nf5 9.Ne2 O-O 10.O-O f6 11.g4 Nfd4 12.Nfxd4 Nxd4 13.exf6
Bxf6 14.c3 Nxe2+ 15.Qxe2 Qd6 16.Be3 Bd7 17.d4 cxd4 18.cxd4 Rac8
19.Qd2 Rc6 20.Bf3 Rfc8 21.Bd1 Rb6 22.Bb3 Qb4 23.Qf2 Bb5 24.f5
gxf5 25.Rfc1 Rxc1+ 26.Rxc1 Rc6 27.Rxc6 bxc6 28.gxf5 exf5 29.Qxf5
Qe7 30.Qg4+ Kf8 31.Qf4 Ke8 32.Bc2 Qg7+ 33.Kf2 Be7 34.Bf5 Qf7
35.b3 Bd6 36.Qxd6 Qxf5+ 37.Kg3 Qg6+ 38.Qxg6+ hxg6 39.Kf4 Kd7
40.Ke5 Bd3 1/2-1/2

[Event "Master Open"]
[Site "Voronezh"]
[Date "2017.06.15"]
[Round "4.43"]
[White "Varshini, V"]
[Black "Nazaretyan, Tigran"]
[Result "1-0"]
[WhiteElo "2050"]
[BlackElo "2328"]
[Annotator ""]
[Source ""]
[Remark ""]

1.e4 e5 2.Nf3 Nc6 3.Bb5 a6 4.Ba4 Nf6 5.Qe2 Be7 6.O-O b5 7.Bb3
O-O 8.c3 d5 9.d3 Re8 10.Rd1 Be6 11.Bc2 Qd7 12.Nbd2 Rad8 13.Nf1
h6 14.Ng3 Qc8 15.a4 dxe4 16.dxe4 Rxd1+ 17.Bxd1 Bc4 18.Qe1 Bc5
19.Be3 Bxe3 20.Qxe3 Rd8 21.axb5 axb5 22.Bc2 Qe6 23.h3 b4 24.Nf5
b3 25.Bd1 Bd3 26.Nd2 Nxe4 27.Nxe4 Qxf5 28.Nc5 Bc2 29.Bf3 Ne7
30.c4 Ng6 31.Ra7 Nf4 32.Rxc7 Bd1 33.Be4 Qg5 34.Rd7 Bc2 35.Rxd8+
Qxd8 36.Bd5 Nxd5 37.Qd2 Qd6 38.Qxd5 Qf6 39.Nd7 Qa6 40.c5 Qa1+
41.Kh2 Qxb2 42.Qa8+ Kh7 43.Nf8+ Kg8 44.Qe8 e4 45.c6 e3 46.c7
Qc3 47.c8Q Qxc8 48.Qxc8 exf2 49.Ng6+ Kh7 50.Nf8+ Kg8 51.Ng6+
Kh7 52.Ne7 h5 53.Qg8+ Kh6 54.Qxf7 1-0

[Event "Master Open"]
[Site "Voronezh"]
[Date "2017.06.15"]
[Round "4.44"]
[White "Bykov, Egor"]
[Black "Harshini, A"]
[Result "1/2-1/2"]
[WhiteElo "2332"]
[BlackElo "2000"]
[Annotator ""]
[Source ""]
[Remark ""]

1.d4 Nf6 2.c4 e6 3.Nc3 Bb4 4.e3 O-O 5.Bd3 c5 6.Nge2 d5 7.cxd5
exd5 8.a3 Bxc3+ 9.bxc3 Nc6 10.O-O Re8 11.Ra2 Qd6 12.f3 b6 13.Ng3
cxd4 14.exd4 Bd7 15.Re1 Rxe1+ 16.Qxe1 Re8 17.Re2 Rxe2 18.Nxe2
Ne7 19.g4 b5 20.Qh4 Ng6 21.Qg3 Qxg3+ 22.Nxg3 Kf8 23.Kf2 Ne8 24.Nf5
Ne7 25.Nxe7 Kxe7 26.Bg5+ f6 27.Bf4 g6 28.Bb8 a6 29.Ba7 Nd6 30.Bc5
Ke6 31.Kg3 Nc4 32.h4 Kf7 33.h5 Be8 34.Kf4 Ke6 35.Bc2 a5 36.Bd3
a4 37.Bb4 Nb2 38.Bc2 Nc4 39.Bc5 Nd2 40.Kg3 Kf7 1/2-1/2

[Event "Master Open"]
[Site "Voronezh"]
[Date "2017.06.15"]
[Round "4.45"]
[White "Gurvich, Vitaly"]
[Black "Shkurkin, Andrey"]
[Result "1-0"]
[WhiteElo "2345"]
[BlackElo "2229"]
[Annotator ""]
[Source ""]
[Remark ""]

1.Nf3 g6 2.d4 Bg7 3.c4 d6 4.Nc3 e5 5.e4 Nc6 6.d5 Nd4 7.Be3 Bg4
8.Be2 Bxf3 9.Bxf3 Nxf3+ 10.Qxf3 Bh6 11.O-O Bxe3 12.Qxe3 Nf6 13.Rac1
O-O 14.c5 Nh5 15.Rc2 f5 16.cxd6 cxd6 17.Nb5 Rf7 18.exf5 gxf5
19.Qh6 Nf6 20.Qg5+ Rg7 21.Qxf5 Kh8 22.Rfc1 Rg8 23.Nc7 Rb8 24.Ne6
Qe7 25.Rc7 Nd7 26.Rxd7 Qxd7 27.Qf6+ Rg7 28.Rc7 Qxc7 29.Nxc7 Rc8
30.g3 Rcxc7 31.Qd8+ 1-0

[Event "Master Open"]
[Site "Voronezh"]
[Date "2017.06.15"]
[Round "4.46"]
[White "Tsoi, Dmitry"]
[Black "Shaydullina, Sandugach"]
[Result "1-0"]
[WhiteElo "2326"]
[BlackElo "2217"]
[Annotator ""]
[Source ""]
[Remark ""]

1.e4 e5 2.Bc4 Nf6 3.d3 Nc6 4.Nc3 Na5 5.Qf3 Nxc4 6.dxc4 d6 7.Nge2
Be6 8.b3 a5 9.a4 Be7 10.h3 c6 11.O-O O-O 12.Be3 Nd7 13.Ng3 g6
14.Bh6 Re8 15.Rfd1 Kh8 16.Rd2 f6 17.Rad1 Qc7 18.h4 Rad8 19.h5
Rg8 20.Nce2 Nc5 21.Be3 Qc8 22.Bxc5 dxc5 23.hxg6 hxg6 24.Qc3 Qc7
25.Rf1 Rxd2 26.Qxd2 Bf8 27.f4 Bh6 28.Qc3 Bg4 29.f5 Rd8 30.Kf2
Bd2 31.Qa1 Qg7 32.Rh1+ Kg8 33.Qg1 Bf4 34.Nf1 gxf5 35.Nxf4 exf4
36.Qh2 fxe4 37.Qxf4 f5 38.Rh6 Re8 39.Ne3 Re5 40.Rh4 Qe7 41.Rh6
Qg7 42.Rh4 Qe7 43.Qh6 Qg7 44.Qd6 Re8 45.Rh6 Kf7 46.Qf4 Kg8 47.Rh4
Qe7 48.Kg3 Qe5 49.Nxg4 Qxf4+ 50.Kxf4 fxg4 51.Rxg4+ Kf7 52.Ke3
Kf6 53.Rf4+ Kg6 54.Rxe4 Rh8 55.Re7 Rb8 56.Rc7 Kf5 57.Kf3 Ke5
58.g4 Kd6 59.Rf7 b5 60.Rf6+ Kd7 61.cxb5 cxb5 62.axb5 Rxb5 63.Rf4
Rb8 64.g5 Ke6 65.Kg4 Rg8 66.Ra4 Ra8 67.Rf4 Rg8 68.Rf6+ Ke5 69.Ra6
c4 70.Rxa5+ Ke6 71.bxc4 Rd8 72.Kh5 Rd2 73.Kg6 Rxc2 74.Ra6+ Ke7
75.Rc6 Kd7 76.Rf6 Rxc4 77.Kf7 Re4 78.g6 Re7+ 79.Kg8 Re8+ 80.Kh7
Re4 81.g7 Ke7 82.Rh6 1-0

[Event "Master Open"]
[Site "Voronezh"]
[Date "2017.06.15"]
[Round "4.47"]
[White "Arjun, Kalyan"]
[Black "Ioffe, Ilya"]
[Result "1-0"]
[WhiteElo "2322"]
[BlackElo "2214"]
[Annotator ""]
[Source ""]
[Remark ""]

1.e4 e5 2.Nf3 Nc6 3.Bb5 a6 4.Ba4 Nf6 5.O-O Be7 6.Re1 b5 7.Bb3
O-O 8.c3 d6 9.h3 Nb8 10.d4 Nbd7 11.Nbd2 Bb7 12.Bc2 Re8 13.Nf1
Bf8 14.Ng3 g6 15.b3 c5 16.d5 c4 17.bxc4 bxc4 18.Be3 Qc7 19.Nd2
Reb8 20.Qe2 Rc8 21.Reb1 a5 22.Ba4 Ba6 23.Bb5 Nc5 24.Qxc4 Nfd7
25.Bxa6 Nxa6 26.Qxc7 Rxc7 27.Ne2 Nac5 28.Rb5 a4 29.Rab1 f5 30.f3
Kf7 31.c4 Be7 32.Nc3 Bh4 33.Kf1 f4 34.Bxc5 Nxc5 35.Rb8 Rc8 36.Rxa8
Rxa8 37.Rb6 Be7 38.Nb5 Rd8 39.Na7 Ra8 40.Nc6 Bf8 41.Nb1 h5 42.Nc3
g5 43.Ke2 Ke8 44.Nd1 Kd7 45.Nb2 Kc7 46.Rb4 Bg7 47.Nd3 Nd7 48.a3
Bf8 49.Kd2 Bh6 50.Kc3 g4 51.hxg4 hxg4 52.Rb1 gxf3 53.gxf3 Rg8
54.Rh1 Bf8 55.Rh7 Rg3 56.c5 Rxf3 57.Ncxe5 dxe5 58.c6 Bxa3 59.Rxd7+
Kc8 60.Ra7 Bd6 61.Rxa4 Re3 62.Kd2 Rh3 63.Ra8+ Kc7 64.Ra7+ Kc8
65.Rd7 Rh6 66.Nb2 f3 67.Rf7 Rh4 68.Nc4 Bc5 69.d6 Rxe4 70.Rf8# 1-0

[Event "Master Open"]
[Site "Voronezh"]
[Date "2017.06.15"]
[Round "4.48"]
[White "Shtyka, Sergey"]
[Black "Siddharth, Sabharishankar"]
[Result "1/2-1/2"]
[WhiteElo "2281"]
[BlackElo "2087"]
[Annotator ""]
[Source ""]
[Remark ""]

1.Nf3 d5 2.c4 e6 3.e3 Nf6 4.b3 Be7 5.Bb2 O-O 6.Be2 b6 7.O-O Bb7
8.Ne5 c5 9.d4 Nbd7 10.Nd2 Nxe5 11.dxe5 Ne4 12.cxd5 Nxd2 13.Qxd2
Qxd5 14.Qxd5 Bxd5 15.Bc4 Rfd8 16.Rfd1 Bxc4 17.bxc4 Rxd1+ 18.Rxd1
Rd8 19.Rxd8+ Bxd8 20.Kf1 Kf8 21.Ke2 Ke7 22.Kd3 Kd7 23.f4 Kc6
24.a4 a6 25.e4 b5 26.axb5+ axb5 27.f5 Kb6 28.Kc3 Bg5 29.Kb3 Be3
30.g4 Bd4 31.Bc1 Bxe5 32.h4 g6 33.fxe6 fxe6 34.h5 b4 35.hxg6
hxg6 36.Be3 Kc6 37.Bh6 Bd4 38.Ka4 Kd6 39.Bf4+ Ke7 40.Bg5+ Kd7
41.Kb3 Kd6 42.Bf4+ Be5 43.Bg5 Bg3 44.Bf6 Bf4 1/2-1/2

[Event "Master Open"]
[Site "Voronezh"]
[Date "2017.06.15"]
[Round "4.49"]
[White "Pogosian, Georgy"]
[Black "Ageichenko, Genadi A"]
[Result "0-1"]
[WhiteElo "2211"]
[BlackElo "2279"]
[Annotator ""]
[Source ""]
[Remark ""]

1.c4 Nf6 2.Nc3 e5 3.Nf3 Nc6 4.d4 exd4 5.Nxd4 Bb4 6.Bg5 h6 7.Bh4
Bxc3+ 8.bxc3 d6 9.e3 O-O 10.Be2 Re8 11.O-O Bd7 12.Rb1 Rb8 13.Qc2
b6 14.Rfd1 Qe7 15.Nxc6 Bxc6 16.Rd4 Qe6 17.Bxf6 Qxf6 18.Rbd1 Qe5
19.Qb2 Re6 20.Bf1 Rbe8 21.Qa3 a5 22.Qb2 Rg6 23.Qd2 Bf3 24.g3
Bxd1 25.Qxd1 Qc5 26.Qa4 c6 27.Rd5 b5 28.Rxc5 bxa4 29.Rxa5 Rb8
30.Rxa4 Rb1 31.Kg2 Rd1 32.Be2 Rd2 33.Bf3 Rf6 34.Ra8+ Kh7 35.a4
g5 36.g4 h5 37.h3 h4 38.Be4+ Kg7 39.Bf5 Rh6 40.Ra7 Rh8 41.Rb7
Ra8 42.c5 d5 43.Rb4 Ra5 44.c4 Rxc5 45.cxd5 cxd5 46.Rb7 d4 47.exd4
Rxd4 48.Rb2 Rxa4 49.Re2 Rc3 50.Re1 Ra2 0-1

[Event "Master Open"]
[Site "Voronezh"]
[Date "2017.06.15"]
[Round "4.50"]
[White "Rjabzev, Konstantin"]
[Black "Volovich, Vasily"]
[Result "0-1"]
[WhiteElo "2278"]
[BlackElo "2062"]
[Annotator ""]
[Source ""]
[Remark ""]

1.Nf3 e6 2.g3 f5 3.c4 Nf6 4.Bg2 Be7 5.O-O O-O 6.Nc3 c6 7.d3 d6
8.e4 fxe4 9.dxe4 e5 10.c5 Na6 11.cxd6 Bxd6 12.Be3 Qe7 13.a3 Be6
14.Ng5 Nc7 15.Nxe6 Nxe6 16.Qb3 Kh8 17.Rad1 b6 18.Rd2 Rfe8 19.Rfd1
Bc5 20.Bxc5 Qxc5 21.Ne2 Qe7 22.Qc3 Nc5 23.Qc2 Rac8 24.h4 a5 25.f3
Nb7 26.Bh3 Rc7 27.Kg2 Nc5 28.Rd6 Nd5 29.R6xd5 cxd5 30.exd5 e4
31.f4 Nd3 32.Nc3 Qc5 33.Rxd3 exd3 34.Qxd3 Qe3 35.Qxe3 Rxe3 36.d6
Rcxc3 37.bxc3 Rxc3 38.d7 Rd3 39.a4 Kg8 40.h5 h6 41.Bf5 Rd4 42.Kf3
Kf8 43.Ke3 Rd6 44.g4 Ke7 45.g5 b5 46.axb5 a4 47.Bb1 Rxd7 48.Ke4
Rb7 0-1

[Event "Master Open"]
[Site "Voronezh"]
[Date "2017.06.15"]
[Round "4.1"]
[White "Chigaev, Maksim"]
[Black "Savchenko, Boris"]
[Result "1-0"]
[WhiteElo "2561"]
[BlackElo "2639"]
[Annotator ""]
[Source ""]
[Remark ""]

1.e4 c5 2.Nf3 g6 3.Nc3 Bg7 4.d4 cxd4 5.Nxd4 Nc6 6.Be3 Nf6 7.Bc4
O-O 8.Bb3 d6 9.f3 Bd7 10.h4 h5 11.Qd2 Rc8 12.O-O-O Ne5 13.Bg5
Rc5 14.Kb1 b5 15.g4 hxg4 16.h5 Nxh5 17.Nd5 Rxd5 18.Bxd5 Qe8 19.Rdg1
e6 20.fxg4 exd5 21.gxh5 Nc4 22.Qf2 Qe5 23.c3 f6 24.Bf4 Qxe4+
25.Ka1 g5 26.h6 Bh8 27.h7+ Kf7 28.Bxg5 b4 29.Bxf6 Bxf6 30.h8Q
Rxh8 31.Rxh8 Bf5 32.Nxf5 bxc3 33.Qxa7+ Ke6 34.Re8+ 1-0

[Event "Master Open"]
[Site "Voronezh"]
[Date "2017.06.15"]
[Round "4.2"]
[White "Pridorozhni, Aleksei"]
[Black "Kryakvin, Dmitry"]
[Result "1-0"]
[WhiteElo "2540"]
[BlackElo "2572"]
[Annotator ""]
[Source ""]
[Remark ""]

1.e4 Nf6 2.e5 Nd5 3.d4 d6 4.Nf3 dxe5 5.Nxe5 c6 6.Nd2 Bf5 7.Qf3
Be6 8.c3 Nd7 9.Nd3 g6 10.Ne4 N5f6 11.Nxf6+ Nxf6 12.Nc5 Bd5 13.Qg3
Qb6 14.Bd3 Nh5 15.Qh3 e6 16.O-O Bxc5 17.dxc5 Qxc5 18.Qh4 e5 19.Re1
Be6 20.Bh6 Rd8 21.Bf1 Rd5 22.g4 Nf4 23.Qf6 Rf8 24.Bxf8 Kxf8 25.Rad1
Qd6 26.Rxd5 Qxd5 27.Qh8+ Ke7 28.Qxe5 Qxe5 29.Rxe5 Kd6 30.Ra5
a6 31.f3 c5 32.b4 c4 33.Kf2 Bd5 34.Ke3 Ne6 35.b5 axb5 36.Rxb5
g5 37.Be2 Kc6 38.Rb1 Kc5 39.Bd1 Nc7 40.Bc2 Nb5 41.Kd2 Na3 42.Rf1
b5 43.Bxh7 b4 44.cxb4+ Kxb4 45.f4 c3+ 46.Kc1 f6 47.fxg5 fxg5
48.Rf5 Bxa2 49.Rxg5 Bc4 50.h4 Nb5 51.Rxb5+ 1-0

[Event "Master Open"]
[Site "Voronezh"]
[Date "2017.06.15"]
[Round "4.3"]
[White "Burmakin, Vladimir"]
[Black "Grachev, Boris"]
[Result "1/2-1/2"]
[WhiteElo "2504"]
[BlackElo "2648"]
[Annotator ""]
[Source ""]
[Remark ""]

1.Nf3 d5 2.c4 e6 3.g3 dxc4 4.Qa4+ Bd7 5.Qxc4 c5 6.Bg2 Bc6 7.O-O
Nf6 8.d3 Be7 9.Nbd2 O-O 10.Qc2 b6 11.b3 Bb7 12.Bb2 Nc6 13.a3
Rc8 14.e3 Rc7 15.Rfd1 Rd7 16.Nc4 Qa8 17.Rac1 Rc8 18.Qe2 h6 19.Ne1
Rdd8 20.f4 Ne8 21.g4 Bf6 22.Bxf6 Nxf6 23.g5 hxg5 24.fxg5 Nh7
25.g6 fxg6 26.Qg4 Nf8 27.Bxc6 Bxc6 28.e4 e5 29.Nxe5 Qb8 30.N1f3
Qd6 31.d4 Bd7 32.Nxd7 Qxd7 33.Qxd7 Nxd7 34.b4 cxd4 35.Rxc8 Rxc8
36.Rxd4 Nf8 37.Ng5 Nh7 38.h4 Nxg5 39.hxg5 Rc7 40.Kf2 Kf7 41.Rd6
Rc2+ 42.Ke3 Rc3+ 43.Kf4 Rxa3 44.Ke5 a5 45.b5 a4 46.Rxb6 Ra1 47.Rb7+
Kg8 48.Ke6 Rb1 49.e5 a3 50.Ra7 Rxb5 51.Ra8+ Kh7 52.Rxa3 Kg8 53.Ra8+
Kh7 54.Kd6 Rd5+ 55.Kxd5 Kg8 56.Kd6+ Kh7 57.Ke6 Kg8 1/2-1/2

[Event "Master Open"]
[Site "Voronezh"]
[Date "2017.06.15"]
[Round "4.4"]
[White "Popov, Ivan"]
[Black "Iljiushenok, Ilia"]
[Result "1/2-1/2"]
[WhiteElo "2619"]
[BlackElo "2496"]
[Annotator ""]
[Source ""]
[Remark ""]

1.e4 c5 2.Nf3 e6 3.d4 cxd4 4.Nxd4 Nc6 5.Nc3 Qc7 6.Be3 a6 7.Qf3
Ne5 8.Qg3 h5 9.Bf4 d6 10.Bg5 b5 11.a3 Bb7 12.O-O-O Nf6 13.f4
Ned7 14.Bd3 Be7 15.Rhe1 O-O-O 16.Bxf6 gxf6 17.f5 e5 18.Nb3 Nb6
19.Qf3 Kb8 20.Kb1 h4 21.Nc1 Qc5 22.Nb3 Qc7 23.Nc1 Qc5 24.N1a2
Rd7 25.b4 Qc6 26.Nd5 Nxd5 27.exd5 Qxd5 28.Be4 Qc4 29.Nc3 d5 30.Bxd5
Bxd5 31.Nxd5 Rc8 32.Ne3 Rxd1+ 33.Rxd1 Qc7 34.Qd5 Bf8 35.Qe4 Bh6
36.Nd5 Qc6 37.c3 Bf4 38.h3 Rd8 39.Kc2 Bg5 40.Rd3 Rd6 41.Kb3 Rd8 1/2-1/2

[Event "Master Open"]
[Site "Voronezh"]
[Date "2017.06.15"]
[Round "4.5"]
[White "Paravyan, David"]
[Black "Ponkratov, Pavel"]
[Result "1/2-1/2"]
[WhiteElo "2521"]
[BlackElo "2595"]
[Annotator ""]
[Source ""]
[Remark ""]

1.d4 d5 2.c4 c6 3.Nc3 Nf6 4.e3 Bf5 5.Nf3 e6 6.Nh4 Be4 7.f3 Bg6
8.Qb3 Qc7 9.Bd2 Nbd7 10.Rc1 Be7 11.g3 Nb6 12.c5 Nbd7 13.Qd1 Bh5
14.Be2 a5 15.O-O O-O 16.g4 Bg6 17.f4 Ne8 18.Be1 f5 19.Nxg6 hxg6
20.a3 b6 21.b4 axb4 22.axb4 bxc5 23.bxc5 g5 24.Qc2 g6 25.Bg3
Qd8 26.Kh1 Ng7 27.h3 gxf4 28.exf4 Nf6 29.Kg2 Qa5 30.Be1 Qc7 31.Bd2
Ne4 32.Nxe4 fxe4 33.Qc3 Bd8 34.Ra1 Rc8 35.Be3 Rf7 36.Ra6 Bh4
37.Qa5 Qb7 38.Qb6 Qd7 39.Rfa1 Bd8 40.Qb4 Bc7 41.Qb7 Rb8 42.Ra8
Qe8 43.R1a7 Rxb7 44.Rxe8+ Nxe8 45.Rxb7 Kf8 46.Bd1 Rf6 47.Ba4
Bxf4 48.g5 Bxe3 49.gxf6 Bxd4 50.Bxc6 Nxf6 51.Rb8+ Ke7 52.Rb7+
Kd8 53.Rf7 Nh5 54.Bd7 e3 55.Kf3 Bxc5 56.Bxe6 Ng3 57.Rd7+ Ke8
58.Rxd5 e2 59.Re5 Bd4 60.Rxe2 Nxe2 61.Ke4 1/2-1/2

[Event "Master Open"]
[Site "Voronezh"]
[Date "2017.06.15"]
[Round "4.51"]
[White "Grigoryeva, Olga A."]
[Black "Grachev, Andrey"]
[Result "0-1"]
[WhiteElo "2204"]
[BlackElo "2268"]
[Annotator ""]
[Source ""]
[Remark ""]

1.d4 d5 2.c4 e6 3.Nc3 a6 4.cxd5 exd5 5.Nf3 Nf6 6.Bg5 Be6 7.e3
Nbd7 8.Bd3 h6 9.Bh4 g5 10.Bg3 Nh5 11.Be5 Ng7 12.h3 Nxe5 13.Nxe5
Bd6 14.Rc1 c6 15.a3 Bxe5 16.dxe5 Qc7 17.f4 Qb6 18.Qe2 Rg8 19.Rf1
O-O-O 20.b4 gxf4 21.exf4 Nh5 22.Qf2 Qxf2+ 23.Rxf2 Rg3 24.Kd2
Rdg8 25.Bf1 d4 26.Ne2 Rxa3 27.g4 Ng3 28.Nxg3 Rxg3 29.f5 Bd5 30.Rf4
Re8 31.e6 fxe6 32.Rxd4 Kb8 33.Re1 Rf8 34.fxe6 Bxe6 35.Rxe6 Rxf1
36.Rxh6 Ra1 37.Ke2 Ra2+ 38.Kf1 Rb3 39.Re4 Rf3+ 40.Kg1 Ka7 41.Rh7
Rg3+ 42.Kf1 Rf3+ 43.Kg1 Rb3 44.Re1 Rxb4 45.g5 Rbb2 46.h4 a5 47.Rh6
a4 48.g6 a3 49.h5 Rg2+ 50.Kh1 Rh2+ 51.Kg1 Rag2+ 52.Kf1 a2 53.Ra1
Rb2 54.Kg1 Rhc2 0-1